| 000 | 00884nam a22002177a 4500 | ||
|---|---|---|---|
| 008 | 090312t xxu||||| |||| 00| 0 eng d | ||
| 010 | _aENG-93142 | ||
| 020 |
_c70.00 _a9788190756334 |
||
| 035 | _aEN-76675 | ||
| 037 | _bDBAD / PUB | ||
| 040 |
_adpl _bEnglish |
||
| 082 | _a338.954 | ||
| 100 | _aArasu, S. | ||
| 245 |
_aSwarnajayanti Gram Swarozgar Yojana (SGSY) in Tiruvannamalai district: _cby S. Arasu _ba historical study / |
||
| 260 |
_aKanyakumari _bKamaraj Pathipagam _c2008 |
||
| 270 |
_a14/135, Kamaraj Street, Agatheswaram Post, _bKanyakumari _e629701 |
||
| 300 |
_a88p. _c21cm (pbk) |
||
| 500 | _aIncludes bibliographical references | ||
| 942 |
_2ddc _cEN _mARA _h338.954 |
||
| 999 |
_c25081 _d25081 |
||